Green Investment Efficiency Analysis bakalárska práca

Gespeichert in:
Bibliographische Detailangaben
1. Verfasser: Farský, Samuel
Körperschaft: Fakulta podnikového manažmentu EU. Katedra podnikovohospodárska
Weitere Verfasser: Grisáková, Nora, 1978-
Format: Buch
Sprache:Englisch
Veröffentlicht: Bratislava 2021
Tags: Tag hinzufügen
Keine Tags, Fügen Sie das erste Tag hinzu!

MARC

LEADER 00000nbm a2200000 4500
001 0275849
005 20211118105109.4
041 0 |a eng 
044 |a SK 
245 1 0 |a Green Investment Efficiency Analysis  |b bakalárska práca  |c Samuel Farský ; školiteľ: Nora Grisáková 
264 1 |a Bratislava  |c 2021 
300 |a 51 s. 
100 1 |a Farský, Samuel 
700 1 |a Grisáková, Nora, 1978- 
710 2 |a Fakulta podnikového manažmentu EU. Katedra podnikovohospodárska